000 01195nam a22002897a 4500
001 BD-DhSAU
003 BD-DhSAU
005 20251112162348.0
008 150420b2005 bg ||||| m||| 00| 0 eng d
040 _aBD-DhSAU
082 _222
_a571.92
_bT1839
100 _aTARIN, TASMIAH
_eRegistration No. # 22010092
245 _aDetection of foot-and-mouth disease (fmd) virus from wet-market environmental samples at selected live animal markets in and around dhaka city /
_bMS thesis
260 _aSher-e-Bangla Agricultural University:
_bDepartment of Pathology,
_c2025.
300 _ax, 55p. ;
_c30 cm.
500 _aMS thesis of Department of Pathology, Faculty of ASVM , Sher-e-Bangla Agricultural University, Dhaka, Bangladesh
504 _aIncludes bibliographical reference.
590 _aNazmul
650 _afoot-and-mouth disease (fmd) virus
651 _awet-market environmental
654 _aanimal markets in and around dhaka city
655 _2live animal markets in dhaka city
700 _aAsssist. Prof. Dr. Amina Khatun
_eSuperviser
700 _aDr. Mohammad Rafiqul Islam
_eCo-superviser
856 _yNO
942 _2ddc
_cTHESIS
999 _c18162
_d18161